90 God days/ (Record no. 163288)

MARC details
000 -LEADER
fixed length control field 00564nam a2200193 4500
005 - DATE AND TIME OF LATEST TRANSACTION
control field 20190408150252.0
010 ## - LCCN (DPL NO)
LC control number ENG-125030
020 ## - INTERNATIONAL STANDARD BOOK NUMBER
International Standard Book Number 9789386191311
Terms of availability 195.00
035 ## - SYSTEM CONTROL NUMBER
System control number EN-108562
037 ## - SOURCE OF ACQUISITION
Source of stock number/acquisition DBAD/PUB
082 ## - DEWEY DECIMAL CLASSIFICATION NUMBER
Classification number N
100 ## - MAIN ENTRY--PERSONAL NAME
Personal name Prabhakar, Madhur
245 ## - TITLE STATEMENT
Title 90 God days/
Statement of responsibility, etc Madhukar Prabhakar
260 ## - PUBLICATION, DISTRIBUTION, ETC. (IMPRINT)
Place of publication, distribution, etc New Delhi
Name of publisher, distributor, etc Lifi publication
Date of publication, distribution, etc 2018
270 ## - ADDRESS
Address
270 ## - ADDRESS
Address 211, 2nd floor, gagandeep 12,Rajendra place
City New Delhi
Postal code 110008
Telephone number 011-25741000
Electronic mail address info@lifipublications.com
300 ## - PHYSICAL DESCRIPTION
Extent xi,252p.
Dimensions 21cm(pbk)
942 ## - ADDED ENTRY ELEMENTS (KOHA)
Source of classification or shelving scheme Dewey Decimal Classification
Item type English Books
Classification part N
Call number suffix PRA
Holdings
Withdrawn status Lost status Not for loan Collection code Home library Current library Date acquired Source of acquisition Cost, normal purchase price Full call number Barcode Copy number Cost, replacement price Koha item type
    Not For Loan Fiction D.B.Act.Division Central Library 08/04/2019 DBAD/PUB 195.00 N PRA EN-108562 1 195.00 English Books

© Delhi Public Library
Hit Counter
free hit counter